00826nam a2200241Ia 4500003000400000005001700004008004100021020001800062040001800080041000800098082002100106100002900127245004700156250001200203260004000215300002800255650003400283650005000317650005900367942003000426999001900456952010900475OSt20260113153629.0210716s1998 xx 000 0 und d a9788131503614 cAIMIT LIBRARY aeng a006.42 21bSHUJ aShuman, James E.9251060 aMultimedia in action /cBy James E Shuman. a1st ed. aLondon :bCengage Learning ,c1998. axvi,352p. ;bPBc26 cm. aDeveloping multimedia9251061 aProducing and distributing multimedia9251062 aMultimedia issues and the future of multimedia9251063 2ddccBKe1stk006.42 SHUJ c183549d183549 001040708MCAaAIMITbAIMITd2021-07-16l0o006.42 SHUJpMCA03057r2025-07-21 00:00:00w2021-07-16yBK